MARC

LEADER 00000nam0a2200000 4500
001 43060
005 20231031015823.0
010 |a 5818304221 
035 |a (RuTPU)RU\TPU\book\44457 
090 |a 43060 
100 |a 20020925d2002 m y0rusy50 ca 
101 1 |a rus  |c eng 
102 |a RU 
105 |a y z 001zb 
200 1 |a Мухаммад  |e Краткая биография  |e пер. с англ.  |f М. Форвард 
210 |a Москва  |c ФАИР-ПРЕСС  |d 2002 
215 |a 192 с. 
225 1 |a Грандиозный мир 
320 |a Библиогр.: с. 177-181. 
320 |a Предм.-имен. указ.: с. 182-185. 
600 0 |a Мухаммед (Мухаммад, Мохаммед, Магомет, Магомед)  |c основатель ислама  |f около 570 - 632  |c глава первого арабского государства  |c пророк  |2 stltpush  |3 (RuTPU)RU\TPU\pers\9818 
610 1 |a религия 
610 1 |a ислам 
610 1 |a мусульманская культура 
610 1 |a мусульманство 
610 1 |a история 
610 1 |a пророки 
610 1 |a персоналии 
686 |a Э38  |v LBC/SL-A  |2 rubbk 
700 1 |a Форвард  |b М.  |g Мартин 
801 1 |a RU  |b 63413507  |c 20020925  |g PSBO 
801 2 |a RU  |b 63413507  |c 20040907  |g PSBO 
942 |c BK